Normal view
MARC view
Entry Personal Name
001 - CONTROL NUMBER
- control field: 36409
003 - CONTROL NUMBER IDENTIFIER
- control field: dpl
005 - DATE AND TIME OF LATEST TRANSACTION
- control field: 20111201154154.0
008 - FIXED-LENGTH DATA ELEMENTS
- fixed length control field: 111201|||a|||||| | ||| d
040 ## - CATALOGING SOURCE
- Original cataloging agency: dpl
- Transcribing agency: dpl
100 ## - HEADING--PERSONAL NAME
- Personal name: Ahmad, Arshi.
670 ## - SOURCE DATA FOUND
- Source citation: Work cat.: (dpl): Ahmad, Arshi., Hydrogen Power :, 2008
670 ## - SOURCE DATA FOUND
- Source citation: Work cat.: (dpl): Ahmad, Arshi., Hydrogen Power :, 2008
